LEADER 02696oas 2200949 a 450 001 9910139309403321 005 20260327213014.0 011 $a2094-7313 035 $a(DE-599)ZDB2592503-9 035 $a(DE-599)2592503-9 035 $a(OCoLC)757862719 035 $a(CONSER) 2012247785 035 $a(CKB)2560000000074632 035 $a(EXLCZ)992560000000074632 100 $a20110408a20109999 uc a 101 0 $aeng 135 $aur||||||||||| 181 $ctxt$2rdacontent 182 $cc$2rdamedia 183 $acr$2rdacarrier 200 00$aWestern Pacific surveillance and response journal $eWPSAR 210 $a[Manila, Philippines] $cWorld Health Organization, Regional Office for the Western Pacific 300 $aRefereed/Peer-reviewed 311 08$a2094-7321 517 3 $aWPSAR 606 $aPublic health surveillance$zPacific Area$vPeriodicals 606 $aSentinel Surveillance 606 $aCommunicable Disease Control 606 $aDisaster Planning 606 $aPublic health surveillance$2fast$3(OCoLC)fst01082426 606 $aSante? publique$xSurveillance$zPacifique, Re?gion du$vPe?riodiques 606 $aGestion des situations d'urgence 606 $adisaster planning$2aat 607 $aAsia, Southeastern 607 $aAsia, Eastern 607 $aOceania 607 $aPacific Area 607 $aPacific Area$2fast 607 $aAsie du Sud-Est 607 $aExtre?me-Orient 608 $aPeriodical 608 $aPeriodicals.$2fast 608 $aPeriodicals.$2lcgft 608 $aperiodicals.$2aat 608 $aPe?riodiques.$2rvmgf 615 0$aPublic health surveillance 615 2$aSentinel Surveillance 615 2$aCommunicable Disease Control 615 2$aDisaster Planning 615 7$aPublic health surveillance. 615 6$aSante? publique$xSurveillance 615 6$aGestion des situations d'urgence. 615 7$adisaster planning. 676 $a362.109182305 712 02$aWorld Health Organization.$bRegional Office for the Western Pacific. 801 0$bAU@ 801 1$bCUD 801 2$bOCLCQ 801 2$bPFM 801 2$bOCLCQ 801 2$bOCLCA 801 2$bNLGGC 801 2$bCUS 801 2$bOCLCF 801 2$bOCLCQ 801 2$bBUF 801 2$bAU@ 801 2$bOCLCO 801 2$bWYU 801 2$bVT2 801 2$bSFB 801 2$bOCLCQ 801 2$bOCLCO 801 2$bOCLCA 801 2$bUAB 801 2$bOCLCL 801 2$bCNMTR 801 2$bORU 906 $aJOURNAL 912 $a9910139309403321 996 $aWestern Pacific surveillance and response journal$91947240 997 $aUNINA